|
|
|
|
| LEADER |
00000nab a2200000 a 4500 |
| 001 |
vtls000461937 |
| 003 |
SK-MaSNL |
| 005 |
20260303214415.0 |
| 008 |
120926c1991 xo 0 cze |
| 015 |
|
|
|a SNBRA19rr/mm-uuuuu
|
| 035 |
|
|
|a CL0462070
|
| 040 |
|
|
|a SNKBUCL
|b slo
|c SNKBUCL
|e AACR2
|
| 041 |
0 |
|
|a cze
|
| 044 |
|
|
|a xo
|c SK
|
| 080 |
|
|
|a 658.8(4):510.6
|2 1981
|
| 080 |
|
|
|a 510.6
|2 1981
|
| 080 |
|
|
|a 339.1
|2 1981
|
| 100 |
1 |
|
|a Jindra, Jiří
|4 aut
|9 418660
|
| 245 |
1 |
0 |
|a Obchodní logistika v Evropě
|c Jiří Jindra
|
| 650 |
0 |
7 |
|a obchod
|2 snkbucl
|9 2198
|
| 650 |
0 |
7 |
|a logistika (manažment)
|2 snkbucl
|9 3620
|
| 655 |
|
7 |
|a články zo zborníkov
|2 snkbucl
|9 166140
|
| 773 |
0 |
|
|t Manažérska stratégia logistiky vo sfére výroby, odbytu, zásobovania, dopravy a obchodnej činnosti
|d Bratislava : Dom techniky ZSVTS, 1991
|
| 850 |
|
|
|a Slovenská národná knižnica v Martine
|a MTA001
|
| 852 |
|
|
|a SNK
|b KIS3GCP
|
| 958 |
|
|
|a RK
|
| 992 |
|
|
|a RZB
|
| 999 |
|
|
|c 2216821
|d 2218751
|